000 00564nam a2200169Ia 4500
005 20250508160138.0
008 008 250505s9999 xx 000 0 eng d
037 _aBooks to be hide in OPAC
040 _aFEDL
_beng
_cFEDL
041 _aeng
_2eng
084 _a370.954 5, PUN/O
_qFEDL
245 0 _aAnnual report on the progress of education in the punjab for the year 1961-62
260 _aChandigarh India
_bThe Controller of Printing and Stationery
_c1965
300 _a295p.
942 _cHB
_h370.954 5, PUN/O
999 _c1362196
_d1362196